<?xml version="1.0" encoding="UTF-8"?>
<record
    xmlns:xsi="http://www.w3.org/2001/XMLSchema-instance"
    xsi:schemaLocation="http://www.loc.gov/MARC21/slim http://www.loc.gov/standards/marcxml/schema/MARC21slim.xsd"
    xmlns="http://www.loc.gov/MARC21/slim">

  <leader>03485nam a2200541Ia 4500</leader>
  <controlfield tag="001">3054</controlfield>
  <controlfield tag="008">241029s9999    xx            000 0 und d</controlfield>
  <datafield tag="010" ind1=" " ind2=" ">
    <subfield code="a">2865</subfield>
  </datafield>
  <datafield tag="041" ind1=" " ind2=" ">
    <subfield code="a">Espa&#xF1;ol</subfield>
  </datafield>
  <datafield tag="082" ind1=" " ind2=" ">
    <subfield code="a">MA-LAEE 0003 FH 2010</subfield>
  </datafield>
  <datafield tag="245" ind1=" " ind2="0">
    <subfield code="a">Dificultades que presentan los estudiantes de 2do. Grado del Primer Ciclo Nivel Medio, en el dominio, an&#xE1;lisis y compresi&#xF3;n de textos expositivos en la ense&#xF1;anza y aprendizaje de la Lengua Espa&#xF1;ola en el Distrito Educativo 02-03, de las Matas de Farf&#xE1;n, en el a&#xF1;o 2009. </subfield>
  </datafield>
  <datafield tag="260" ind1=" " ind2=" ">
    <subfield code="a">Santo Domingo</subfield>
  </datafield>
  <datafield tag="300" ind1=" " ind2=" ">
    <subfield code="a">93</subfield>
  </datafield>
  <datafield tag="520" ind1=" " ind2=" ">
    <subfield code="a">19</subfield>
  </datafield>
  <datafield tag="630" ind1=" " ind2=" ">
    <subfield code="a">Ense&#xF1;anza</subfield>
  </datafield>
  <datafield tag="630" ind1=" " ind2=" ">
    <subfield code="a">Sistema Educativo</subfield>
  </datafield>
  <datafield tag="650" ind1=" " ind2=" ">
    <subfield code="a">Lengua Espa&#xF1;ola</subfield>
  </datafield>
  <datafield tag="690" ind1=" " ind2=" ">
    <subfield code="a">Elaborado</subfield>
  </datafield>
  <datafield tag="700" ind1=" " ind2=" ">
    <subfield code="e">asesor</subfield>
    <subfield code="a">De los Santos, Julio</subfield>
  </datafield>
  <datafield tag="700" ind1=" " ind2=" ">
    <subfield code="e">autor</subfield>
    <subfield code="a">Reynoso Jim&#xE9;nez, Mar&#xED;a de los Reyes</subfield>
  </datafield>
  <datafield tag="700" ind1=" " ind2=" ">
    <subfield code="e">autor</subfield>
    <subfield code="a">P&#xE9;rez Lorenzo, Mar&#xED;a Geraldina</subfield>
  </datafield>
  <datafield tag="901" ind1=" " ind2=" ">
    <subfield code="a">{"1":"Reynoso Jim&#xE9;nez","2":"P&#xE9;rez Lorenzo"}</subfield>
    <subfield code="b">{"1":"Mar&#xED;a de los Reyes","2":"Mar&#xED;a Geraldina"}</subfield>
  </datafield>
  <datafield tag="902" ind1=" " ind2=" ">
    <subfield code="a">1</subfield>
  </datafield>
  <datafield tag="903" ind1=" " ind2=" ">
    <subfield code="a">{"1":"De los Santos"}</subfield>
    <subfield code="b">{"1":"Julio"}</subfield>
  </datafield>
  <datafield tag="904" ind1=" " ind2=" ">
    <subfield code="a">Maestr&#xED;a en</subfield>
  </datafield>
  <datafield tag="905" ind1=" " ind2=" ">
    <subfield code="a">Ling&#xFC;&#xED;stica Aplicada</subfield>
  </datafield>
  <datafield tag="906" ind1=" " ind2=" ">
    <subfield code="a">1</subfield>
  </datafield>
  <datafield tag="907" ind1=" " ind2=" ">
    <subfield code="a">con Aplicaci&#xF3;n a</subfield>
  </datafield>
  <datafield tag="908" ind1=" " ind2=" ">
    <subfield code="a">Ense&#xF1;anza de la Lengua Espa&#xF1;ola</subfield>
  </datafield>
  <datafield tag="909" ind1=" " ind2=" ">
    <subfield code="a">Universidad Aut&#xF3;noma de Santo Domingo (UASD)</subfield>
  </datafield>
  <datafield tag="910" ind1=" " ind2=" ">
    <subfield code="a">NULL</subfield>
    <subfield code="b">NULL</subfield>
  </datafield>
  <datafield tag="911" ind1=" " ind2=" ">
    <subfield code="a">["1"]</subfield>
  </datafield>
  <datafield tag="912" ind1=" " ind2=" ">
    <subfield code="a">NO APLICA</subfield>
  </datafield>
  <datafield tag="913" ind1=" " ind2=" ">
    <subfield code="a">NULL</subfield>
  </datafield>
  <datafield tag="914" ind1=" " ind2=" ">
    <subfield code="a">11 de Enero de 2010</subfield>
  </datafield>
  <datafield tag="915" ind1=" " ind2=" ">
    <subfield code="a">04/12/19 10:12</subfield>
  </datafield>
  <datafield tag="916" ind1=" " ind2=" ">
    <subfield code="a">NULL</subfield>
  </datafield>
  <datafield tag="917" ind1=" " ind2=" ">
    <subfield code="a">NULL</subfield>
  </datafield>
  <datafield tag="918" ind1=" " ind2=" ">
    <subfield code="a">NO APLICA</subfield>
  </datafield>
  <datafield tag="919" ind1=" " ind2=" ">
    <subfield code="a">["202","277"]</subfield>
  </datafield>
  <datafield tag="520" ind1=" " ind2=" ">
    <subfield code="a">A pesar de que hace m&#xE1;s de una d&#xE9;cada que se produjeron importantes reformas con el prop&#xF3;sito de mejorar la ense&#xF1;anza en las distintas &#xE1;reas y niveles del Sistema Educativo Dominicano, es muy poco lo que se ha logrado de avance en este sentido. Es m&#xE1;s, a veces se tiene la impresi&#xF3;n de que hemos retrocedido en ese aspecto.Como objetivo central esta investigaci&#xF3;n tuvo: determinar las dificultades que presentan los estudiantes del 2do. grado Primer Ciclo de la Educaci&#xF3;n Media, de los Liceos Secundarios de Las Matas de Farf&#xE1;n, para analizar y comprender textos expositivos.Esta investigaci&#xF3;n es de tipo descriptiva, se aplicaron instrumentos evaluativos e informativos. Para la realizaci&#xF3;n de esta investigaci&#xF3;n, se trabaj&#xF3; con una muestra de sesenta (60) alumnos y veintitr&#xE9;s (23) docentes.En lo concerniente al aprendizaje de la lengua materna, el estudio revela que existe un alto grado de deficiencia porque, apenas el 13.33% pudo identificar la idea tem&#xE1;tica en un texto dado. Que el 18,33% demostr&#xF3; capacidad para identificar la idea tem&#xE1;tica en un texto dado, que el 8.33% pudo identificar la coherencia l&#xF3;gica entre las oraciones con las cuales se escribe sobre el t&#xF3;pico. Que el 18.33% demostr&#xF3; capacidad para identificar las reglas de concordancia entre las palabras y oraciones. Tambi&#xE9;n, el hecho de que la investigaci&#xF3;n demostr&#xF3; que un porcentaje muy bajo puede reproducir el texto orientado tanto en forma oral como en forma escrita.Se recomienda que se incentive entre los alumnos el ejercicio lector, a fin de que se desarrollen competencias comunicativas, tanto en el aspecto expresivo como en el comprensivo. Ya que estas actividades resultan fundamentales para adquirir habilidades en la construcci&#xF3;n del discurso escrito, en la dicci&#xF3;n y en el enriquecimiento del l&#xE9;xico.</subfield>
  </datafield>
  <datafield tag="921" ind1=" " ind2=" ">
    <subfield code="a">16</subfield>
  </datafield>
  <datafield tag="922" ind1=" " ind2=" ">
    <subfield code="a">16</subfield>
  </datafield>
  <datafield tag="923" ind1=" " ind2=" ">
    <subfield code="a">0</subfield>
  </datafield>
  <datafield tag="924" ind1=" " ind2=" ">
    <subfield code="a">NO APLICA</subfield>
  </datafield>
  <datafield tag="942" ind1=" " ind2=" ">
    <subfield code="c">Tesis</subfield>
  </datafield>
  <datafield tag="999" ind1=" " ind2=" ">
    <subfield code="c">2865</subfield>
    <subfield code="d">2865</subfield>
  </datafield>
</record>
